000 00506nam a2200193 a 4500
001 1760773186545
003 YourLibrary
005 20251018131119.0
008 251018s1990##################000#0#eng##
020 _a9780521372886
082 0 4 _a584.90446
_bSIM
100 1 _aSimpson, G. M.,
_eauthor.
245 1 0 _aSeed Dormancy in Grasses :
260 _bCambridge University Press,
_c1990.
300 _a309 pages
650 0 _aMedical.
942 _cENGLISH
040 _aYourLibrary
_beng
_cYourLibrary
999 _c592370
_d592370